| 000 | 01228nac a22003251u 4500 | ||
|---|---|---|---|
| 010 | _a 99488304 | ||
| 020 | _a0585110476 (electronic bk.) | ||
| 020 | _a0192800868 (pbk.) | ||
| 082 | 0 | 0 | _a509.2 |
| 090 |
_c2153 _d2153 |
||
| 100 | _a20080729 | ||
| 245 | 0 | 2 | _aA Dictionary of scientists. |
| 246 | 3 | 0 | _aScientists |
| 260 |
_aOxford ; _aNew York : _bOxford University Press,1999 _c1999. |
||
| 300 |
_a586 p. ; _c20 cm. |
||
| 490 | 0 | _aOxford paperback reference | |
| 500 | _aGeneral editors: John Daintith, Derek Gjertsen. | ||
| 500 | _aAbridged and updated ed. of : Encyclopedia of scientists. 2nd ed. c1994. | ||
| 500 | _aIncludes index. | ||
| 650 | 0 |
_aScientists _vBiography _vDictionaries. |
|
| 700 | 1 | _aDaintith, John. | |
| 700 | 1 | _aGjertsen, Derek. | |
| 856 | 4 | 1 | _uhttp://www.netLibrary.com/urlapi.asp?action=summary&v=1&bookid=12306 |
| 856 | 4 | 1 |
_3Publisher description _uhttp://www.loc.gov/catdir/enhancements/fy0637/99488304-d.html |
| 856 | 4 | 1 |
_3Table of contents only _uhttp://www.loc.gov/catdir/enhancements/fy0637/99488304-t.html |
| 942 |
_cNB _k509.2 _hRDA-MOD |
||
| 999 |
_c2153 _d2153 |
||
| 336 |
_2rdacontent _atext _btxt |
||
| 337 |
_aunmediated _2rdamedia _bn |
||
| 338 |
_avolume _bnc _2rdacarrier |
||